Записки актера Щепкина. Приложение. Документы. Из критики, переписки, воспоминаний. Рассказы в записи и обработке современников

Bibliographische Detailangaben
Weitere Verfasser: Панфилова Н. Н. (составитель), Фельдман О. М.
Sprache:Russisch
Veröffentlicht: Москва, Искусство, 1988
Schlagworte:
Format: MixedMaterials Buch
KOHA link:https://koha.lib.tpu.ru/cgi-bin/koha/opac-detail.pl?biblionumber=249483

MARC

LEADER 00000nam0a2200000 4500
001 249483
005 20231101232458.0
020 |a RU  |b 88-89812 
035 |a (RuTPU)RU\TPU\book\271571 
090 |a 249483 
100 |a 20140205d1988 m y0rusy5003 ca 
101 0 |a rus 
102 |a RU 
105 |a a z 001zy 
200 1 |a Записки актера Щепкина. Приложение. Документы. Из критики, переписки, воспоминаний. Рассказы в записи и обработке современников  |f сост. Н. Н. Панфилова ; О. М. Фельдман 
210 |a Москва  |c Искусство  |d 1988 
215 |a 382 с.  |c ил. 
320 |a Библиогр. в примеч.: с. 319-373. 
320 |a Указ. имен: с. 374-380. 
600 1 |a Щепкин  |b М. С.  |c русский актер  |c реформатор русского театра  |f 1788-1863  |g Михаил Семенович  |2 stltpush  |3 (RuTPU)RU\TPU\pers\12456  |9 3463 
606 1 |a Театроведение  |2 stltpush  |3 (RuTPU)RU\TPU\subj\58744  |9 76496 
610 1 |a театры 
610 1 |a актеры 
610 1 |a история 
610 1 |a 19 век 
610 1 |a Россия 
610 1 |a биографии 
610 1 |a русский драматический театр 
675 |a 792.071.2(092) Щепкин  |z rus 
702 1 |a Панфилова  |b Н. Н.  |4 220 
702 1 |a Фельдман  |b О. М.  |4 220 
801 0 |a RU  |b RuMRKP  |c 19950417  |g psbo 
801 1 |a RU  |b 63413507  |c 20140205 
801 2 |a RU  |b 63413507  |c 20140220  |g RCR 
942 |c BK